Manual of methods for fish stock assessment J. A. Gulland
সংরক্ষণ করুন:
| প্রধান লেখক: | |
|---|---|
| বিন্যাস: | গ্রন্থ |
| ভাষা: | ইংরেজি |
| প্রকাশিত: |
Roma
FAO
1969
|
| মালা: | FAO Fisheries Series, 3; FAO Manuals in Fisheries Science, 4
|
| বিষয়গুলি: | |
| ট্যাগগুলো: |
ট্যাগ যুক্ত করুন
কোনো ট্যাগ নেই, প্রথমজন হিসাবে ট্যাগ করুন!
|
MARC
| LEADER | 00000nam a2200000 a 4500 | ||
|---|---|---|---|
| 001 | UCV4845 | ||
| 003 | CL-VaPUC | ||
| 008 | 880906e19690000IT |||||||||||||||||eng|d | ||
| 082 | 0 | 4 | |a 333.9561 |b GUL |2 21 |
| 100 | |a Gulland, J. A |e author |9 331688 | ||
| 245 | 1 | 0 | |a Manual of methods for fish stock assessment J. A. Gulland |
| 300 | |a 4 v | ||
| 942 | |c BK | ||
| 945 | |d 19880906 00:00:00 | ||
| 260 | |a Roma |b FAO |c 1969 | ||
| 500 | |a v.1: Fish population analysis | ||
| 650 | 7 | |a CONSERVACION DE RECURSOS PESQUEROS |2 CL-VaPUC |9 261160 | |
| 650 | 0 | |a Modelos matemáticos |9 259437 | |
| 650 | 0 | |a Industria pesquera |9 255432 | |
| 650 | 7 | |a POBLACION DE PECES |2 CL-VaPUC |9 261161 | |
| 583 | |a last modification |c 19880906 00:00:00 |k Rodrigo Vera | ||
| 490 | 0 | |a FAO Fisheries Series, 3; FAO Manuals in Fisheries Science, 4 | |
| 999 | |c 211499 |d 211497 | ||
| 952 | |0 0 |1 0 |4 0 |6 333_956100000000000_GUL_1969 |7 0 |8 CCM |9 190905 |a BIBCUR |b BIBCUR |d 2019-11-14 |h v.1 |i 2585766 |o 333.9561 GUL 1969 |p 2585766 |r 2025-04-22 |w 2019-11-14 |y BK |k CIM | ||
| 952 | |0 0 |1 0 |2 ddc |4 0 |6 333_956100000000000_GUL_1969 |7 0 |8 A |9 190906 |a BIBCUR |b BIBCUR |c PAC |d 2019-11-14 |h v.1 |i 2585774 |o 333.9561 GUL 1969 |p 2585774 |r 2025-04-22 |w 2019-11-14 |y BK |k CIM | ||